Počítačová analýza vícerozměrných dat v příkladech

Salvato in:
Dettagli Bibliografici
Autore principale: Meloun, Milan
Altri autori: Militký, Jiří, Hill, Martin
Natura: Libro
Lingua:ceco
Pubblicazione: Praha ACADEMIA 2005
Soggetti:
Tags: Aggiungi Tag
Nessun Tag, puoi essere il primo ad aggiungerne!!

MARC

LEADER 00000nam$a2200000$$$4500
001 0035301
005 20221129082854.6
020 |a 80-200-1335-0 
041 0 |a cze 
044 |a CZ 
245 1 0 |a Počítačová analýza vícerozměrných dat v příkladech  |c Milan Meloun, Jiří Militký, Martin Hill 
264 1 |a Praha  |b ACADEMIA  |c 2005 
300 |a 449 s.  |e 1 CD-ROM 
610 2 0 |a analýza štatistická 
610 2 0 |a metódy štatistické 
610 2 0 |a dáta 
610 2 0 |a analýza faktorová 
610 2 0 |a korelácia 
610 2 0 |a regresia 
610 2 0 |a analýza zhluková 
610 2 0 |a spracovanie dát 
100 1 |a Meloun, Milan 
700 1 |a Militký, Jiří 
700 1 |a Hill, Martin